Manual de formación municipal : nueva edición revisada y actualizada / Centre d'Estudis Urbanístics, Municipals i Territorials nueva edición revisada y actualizada / Centre d'Estudis Urbanístics, Municipals i Territorials
Descripción Física:
399 p. ; 19 cm
MARC
| LEADER | 00000nam a2200000Ia 4500 | ||
|---|---|---|---|
| 001 | 8065 | ||
| 008 | 160829s1983 xx 000 0 cat d | ||
| 080 | |a M-2-310 | ||
| 245 | |a Manual de formación municipal : |b nueva edición revisada y actualizada / Centre d'Estudis Urbanístics, Municipals i Territorials | ||
| 250 | |a 2a ed. | ||
| 260 | |a Barcelona : |b CEUMT, |c 1983 | ||
| 300 | |a 399 p. ; |c 19 cm | ||
| 650 | 0 | |a Municipis |x Govern i administració |9 22275 | |
| 650 | 0 | |a Serveis municipals |9 42282 | |
| 710 | 2 | |a Centre d'Estudis Urbanístics, Municipals i Territorials |9 55007 | |
| 901 | |a Arxiu | ||
| 942 | |n 1 | ||
| 952 | |0 0 |1 0 |4 0 |6 M2310 |7 1 |9 45510 |a Arxiu |b Arxiu |d 2016-12-01 |l 0 |o M-2-310 |p 8065 |r 2016-12-01 00:00:00 |w 2016-12-01 |y ARXIU | ||
| 999 | |c 48675 |d 48675 | ||